000 00326nam a22001337a 4500
008 181106b xxu||||| |||| 00| 0 eng d
020 _a9780130486158
041 _aeng
080 _a370
100 _a48
101 _aEDU
245 _aAcademic Transformation The Road To College Success
_cCarol.W.D
942 _2udc
_cBK
999 _c51971
_d51971